555 CHRISMAS CROSS STITCH DESIGN (Record no. 13429)

MARC details
000 -LEADER
fixed length control field 00259nam a22001217a 4500
003 - CONTROL NUMBER IDENTIFIER
control field SGT
082 ## - DEWEY DECIMAL CLASSIFICATION NUMBER
Classification number 746.44
Item number DON
100 ## - MAIN ENTRY--PERSONAL NAME
Personal name DONNA, KOOLERY
245 ## - TITLE STATEMENT
Title 555 CHRISMAS CROSS STITCH DESIGN
260 ## - PUBLICATION, DISTRIBUTION, ETC. (IMPRINT)
Name of publisher, distributor, etc STERLNG PUB.
Year of Publication 1999
300 ## - PAGE DESCRIPTION
No. of Pages 128
942 ## - ADDED ENTRY ELEMENTS (KOHA)
Source of classification or shelving scheme Dewey Decimal Classification
Koha item type Books
Holdings
Withdrawn status Lost status Source of classification or shelving scheme Damaged status Not for loan Home library Current library Shelving location Date acquired Cost, normal purchase price SGTU Bill Number Total Checkouts Full call number Accession No. (Barcode) Date last seen Bill Date Koha item type
    Dewey Decimal Classification     SGT Science & Social Sciences Library SGT Science & Social Sciences Library Text Book 16/09/2017 0.00 SGTU 02854   746.44 DON FF418 16/09/2017 16/09/2017 Books
    Dewey Decimal Classification     SGT Science & Social Sciences Library SGT Science & Social Sciences Library Text Book 16/09/2017 0.00 SGTU 02854   746.44 DON FF419 16/09/2017 16/09/2017 Books
    Dewey Decimal Classification     SGT Science & Social Sciences Library SGT Science & Social Sciences Library Text Book 16/09/2017 0.00 SGTU 02854   746.44 DON FF420 16/09/2017 16/09/2017 Books